000 00312nam a22001337a 4500
008 150521b xxu||||| |||| 00| 0 eng d
020 _a8178084627
082 _a005.1
100 _aCormen,Thomas H
245 _aIntroduction to Algorithms
250 _a2nd Ed.
260 _aINDIA
_bPrentice-Hall
_c2003
942 _cBK
999 _c23152
_d23152